000 00660nam a2200193Ia 4500
003 GCL
008 140319s9999 xx 000 0 ara d
040 _aGCL /
_cGCL
082 0 4 _a415.1
_bج ا
100 1 _aحسين محمد محمد شرف
245 1 0 _aاللمع فى العربية صنعة ابى الفتح عثمان بن جنى /
_cحسين محمد محمد شرف
700 1 _aابن جنى : ابوالفتح عثمان الموصلى البغدادى
260 _a[S.N] :
_bعالم الكتب الحديث ،
_c1978
300 _a363 ص
490 _a
650 0 4 _aالنحو
650 0 4 _aاللغة العربية
942 _2ddc
_cBK
999 _c34633
_d34633